| 000 | 00641nam a22001817a 4500 | ||
|---|---|---|---|
| 999 |
_c183594 _d183594 |
||
| 005 | 20211229123051.0 | ||
| 010 | _aENG-130745 | ||
| 020 |
_a978-93-88-754-033 _c499.00 |
||
| 035 | _aEN-114277 | ||
| 037 | _bDBAD | ||
| 082 | _a302.23 | ||
| 100 | _aGE, Krupa | ||
| 245 |
_aRivers Remember: _cChennairains and the shocking Truth of a Manmade Flood/ _bKrupa GE |
||
| 260 |
_aChennai _bWestland Publications Private Limited _c2003 |
||
| 270 |
_a1st Floor, A Block, East Wing, Plot No. 40, SP Info City, Dr. MGR Salai, Perungudi, Kandanchavadi _bChennai _e600096 |
||
| 300 |
_a218p _c22cm(pbk) |
||
| 942 |
_2ddc _cEN _h302.23 _mKRU |
||